header

Antennas and propagation for body-centric wireless communications (Record no. 82790)

MARC details
000 -LEADER
fixed length control field 01566nam a2200373 a 4500
245 00 - TITLE STATEMENT
Title Antennas and propagation for body-centric wireless communications
250 ## - EDITION STATEMENT
Edition statement 2nd ed.
260 ## - PUBLICATION, DISTRIBUTION, ETC. (IMPRINT)
Place of publication Boston :
Name of publisher Artech House,
Year of publication 2012.
300 ## - PHYSICAL DESCRIPTION
Number of Pages xiv, 387 p. :
Other physical details ill.
490 1# - SERIES STATEMENT
Series statement Artech House antennas and propagation series
650 #0 - SUBJECT ADDED ENTRY--TOPICAL TERM
Topical Term Wearable computers
Topical Term Wireless communication systems
Topical Term Antennas (Electronics)
Topical Term Human-computer interaction.
700 1# - ADDED ENTRY--PERSONAL NAME
Personal name Hall, Peter S.
Personal name Hao, Yang.
856 40 - ELECTRONIC LOCATION AND ACCESS
Uniform Resource Identifier http://site.ebrary.com/lib/rucke/Doc?id=10583837

No items available.

© 2026 Rongo University
Contact us: librarian | system librarian | Rongo university